Music Quiz

Random Music or Missing Word Quiz
Score 0/25 Timer 04:00
2 Plays Today
% Correct
Century
88.4%
Wall
88.2%
More
86.4%
Rain
85.8%
Man
85.7%
Boys
84.1%
Blood
83.6%
Little
81.8%
Park
81.4%
Glory
81.4%
This
78.3%
Most
78.2%
Room
74.9%
% Correct
Call
74.3%
Fade
73.7%
Wheels
73.1%
Surfer
71.5%
Kick
71.4%
Blue
69.8%
Sun
67.2%
Eat
65.4%
Honey
58.2%
Rose
57.2%
Cool
55.9%
Mask
47.9%
Remove Ads.
Support Sporcle.
Get the best of Sporcle when you Go Orange. This ad-free experience offers more features, more stats, and more fun while also helping to support Sporcle. Thank you for becoming a member.

You're not logged in!

Compare scores with friends on all Sporcle quizzes.
OR
Log In

Show Comments

Extras

Top Quizzes Today


Score Distribution

Your Account Isn't Verified!

In order to create a playlist on Sporcle, you need to verify the email address you used during registration. Go to your Sporcle Settings to finish the process.

Report this User

Report this user for behavior that violates our Community Guidelines.

Details: